Movie Title Match Up Quiz Stats

Quiz Updated Nov 30, 2017

Challenge
Share
Tweet
Embed
Score 0/60 Timer 04:00
0 Plays Today
Partial Title Full Title % Correct
StoryToy Story
88.3%
ToyToy Story
88.3%
HappyHappy Gilmore
87.2%
GilmoreHappy Gilmore
87.2%
BatmanBatman Forever
84.2%
ForeverBatman Forever
84.2%
AmericanAmerican Psycho
81.9%
PsychoAmerican Psycho
81.9%
BladeBlade Runner
81.5%
RunnerBlade Runner
81.5%
NeverlandFinding Neverland
80.3%
FindingFinding Neverland
80.3%
NightsBoogie Nights
78.6%
BoogieBoogie Nights
78.6%
AnnieAnnie Hall
75.2%
HallAnnie Hall
75.2%
RaisingRaising Arizona
73.8%
ArizonaRaising Arizona
73.8%
ChasingChasing Amy
73.8%
AmyChasing Amy
73.8%
BigBig Fish
73.2%
FishBig Fish
73.2%
HighHigh Fidelity
73.1%
FidelityHigh Fidelity
73.1%
DonnieDonnie Brasco
71.6%
BrascoDonnie Brasco
71.6%
BullBull Durham
70.3%
DurhamBull Durham
70.3%
MysticMystic Pizza
69.7%
PizzaMystic Pizza
69.7%
Partial Title Full Title % Correct
MichaelMichael Clayton
67.9%
ClaytonMichael Clayton
67.9%
EasyEasy Rider
64.9%
RiderEasy Rider
64.9%
WindowRear Window
63.9%
RearRear Window
63.9%
KingsThree Kings
62.3%
ThreeThree Kings
62.3%
BlueBlue Velvet
58.4%
VelvetBlue Velvet
58.4%
BabyCry Baby
57.1%
CryCry Baby
57.1%
RomanRoman Holiday
53.4%
HolidayRoman Holiday
53.4%
Seven Seven Samurai
48.1%
SamuraiSeven Samurai
48.1%
TrueTrue Romance
47.2%
RomanceTrue Romance
47.2%
BeforeBefore Sunrise
46.7%
SunriseBefore Sunrise
46.7%
MononokePrincess Mononoke
43.4%
PrincessPrincess Mononoke
43.4%
BarryBarry Lyndon
42.7%
LyndonBarry Lyndon
42.7%
SexySexy Beast
41.5%
BeastSexy Beast
41.5%
WildWild Strawberries
40.2%
StrawberriesWild Strawberries
40.2%
ZoeKilling Zoe
35.9%
KillingKilling Zoe
35.3%

You're not logged in!

Compare scores with friends on all Sporcle quizzes.
Sign Up with Email
OR
Log In

You Might Also Like...

Show Comments

Extras

Top Quizzes Today


Score Distribution

Your Account Isn't Verified!

In order to create a playlist on Sporcle, you need to verify the email address you used during registration. Go to your Sporcle Settings to finish the process.

Report this User

Report this user for behavior that violates our Community Guidelines.

Details: